Vista normal
Vista MARC
Entrada Nombre personal
Número de registros utilizados en: 10
001 - NÚMERO DE CONTROL
- campo de control: 17126
003 - IDENTIFICADOR DEL NÚMERO DE CONTROL
- campo de control: OSt
005 - FECHA Y HORA DE LA ÚLTIMA TRANSACCIÓN
- campo de control: 20210408121938.0
008 - DATOS DE LONGITUD FIJA
- campo de control de longitud fija: 200615|| aca||aabn | a|a d
040 ## - FUENTE DE LA CATALOGACIÓN
- Centro catalogador/agencia de origen: OSt
- Centro/agencia transcriptor: OSt
100 1# - ENCABEZAMIENTO-NOMBRE DE PERSONA
- Nombre de persona: Guzmán Fernández, Silvestre Antonio,
- Fechas asociadas al nombre: 1911-1982
370 ## - LUGAR ASOCIADO
- Lugar de nacimiento: La Vega (República Dominicana)
- Otro lugar asociado: Santo Domingo (República Dominicana)
375 ## - GÉNERO/SEXO
- Género/Sexo: Masculino
377 ## - LENGUA/LENGUAJE ASOCIADO
- Código del idioma: spa
400 1# - TRAZADO DE VÉASE--NOMBRE DE PERSONA
- Nombre de persona: Fernández, Silvestre Antonio Guzmán,
- Fechas asociadas al nombre: 1911-1982
400 1# - TRAZADO DE VÉASE--NOMBRE DE PERSONA
- Nombre de persona: Guzmán, Antonio,
- Fechas asociadas al nombre: 1911-1982
400 1# - TRAZADO DE VÉASE--NOMBRE DE PERSONA
- Nombre de persona: Guzmán Fernández, Antonio,
- Fechas asociadas al nombre: 1911-1982
670 ## - FUENTE DE DATOS ENCONTRADOS
- Cita de la fuente: Work cat.: (OSt)5879: Báez Guerrero, José, 1958- 17125, Guzmán :, 2009.
